| 000 | 00348nam a2200145Ia 4500 | ||
|---|---|---|---|
| 008 | 150201s1998 xx 000 0 und d | ||
| 082 |
_a617 _bO1998A |
||
| 100 | _aAVERY,JAMES | ||
| 245 | _aORAL DEVELOPMENT AND HISTOLOGY | ||
| 250 | _a1ST | ||
| 260 |
_bB.C.DECKER _aTORONTO _c1998 |
||
| 300 | _a1-380 | ||
| 650 | _aDENTAL ANATOMY | ||
| 942 |
_2ddc _cBK |
||
| 999 |
_c2679 _d2679 |
||